00347nam a2200121Ia 4500003000400000005001700004008004100021040001800062041000800080100004800088245005400136260003500190OSt20260128113835.0211028s2018 xx 000 0 und d cAIMIT LIBRARY aeng aShetty N; Aisiri; D Souza, Lestan.g1616007 aCSR initiative towards holistic approah for HGS / aMangalorebRowena Wrightc2018